|
|
|
|
| LEADER |
00827nam a2200253 4500 |
| 001 |
DLU210196488 |
| 005 |
##20210528 |
| 040 |
# |
# |
|a DLU
|b vie
|
| 041 |
# |
# |
|a vie
|
| 044 |
# |
# |
|a vn
|
| 100 |
# |
# |
|a Lê Văn Yên.
|
| 245 |
# |
# |
|a Năng lực cầm quyền của Đảng Cộng sản Việt Nam /
|c Lê Văn Yên.
|
| 653 |
# |
# |
|a Đảng Cộng sản Việt Nam
|
| 653 |
# |
# |
|a Chủ nghĩa xã hội
|
| 653 |
# |
# |
|a Năng lực lãnh đạo
|
| 773 |
# |
# |
|t Tạp chí Khoa học xã hội Việt Nam
|g Số 3, 2019, tr. 17-29
|
| 920 |
# |
# |
|a Phòng Tạp chí -- Trung tâm Thông tin - Thư viện Trường Đại học Đà Lạt
|
| 900 |
# |
# |
|a True
|
| 911 |
# |
# |
|a Hoàng Thị Huyền
|
| 925 |
# |
# |
|a G
|
| 926 |
# |
# |
|a A
|
| 927 |
# |
# |
|a BB
|
| 980 |
# |
# |
|a Thư viện Trường Đại học Đà Lạt
|